'C' Entertainment Images Quiz Stats

Quiz Updated Apr 23, 2014

Challenge
Share
Tweet
Score 0/30 Timer 04:00
4 Plays Today
% Correct
_________________
100%
_________________
99.9%
_________________
99.9%
_________________
99.9%
_________________
99.9%
_________________
99.9%
Cinderella
94.3%
Cher
89.7%
Cats
89.5%
Cruella De Vil
87.2%
Chicago
76.9%
Caddyshack
76.2%
Cheshire Cat
74.7%
Chitty Chitty Bang Bang
71.9%
Casablanca
70.9%
% Correct
Celine Dion
62.4%
Cabaret
58.2%
Cyndi Lauper
53.2%
Capote
51.6%
Clair Huxtable
49.6%
Crash Bandicoot
43.3%
Call of Duty
42.4%
Cogsworth
37.9%
Christina Aguilera
37.4%
Cersei Lannister
24.4%
Carmela Soprano
22.1%
Civilization
20.8%
Chinatown
19.7%
Chloe O'Brian
16.9%
Contra
16.6%

You're not logged in!

Compare scores with friends on all Sporcle quizzes.
Join for Free
OR
Log In

You Might Also Like...

Show Comments

Extras

Top Quizzes Today


Score Distribution

Your Account Isn't Verified!

In order to create a playlist on Sporcle, you need to verify the email address you used during registration. Go to your Sporcle Settings to finish the process.

Report this User

Report this user for behavior that violates our Community Guidelines.

Details: